000
00218 a2200097 4500
001
13736
100
_a
Phelby, H J
245
_a
Forty years in the Wilderness
260
_a
London
_b
Robert Hale
_c
090
_c
10731
_d
10731
942
_a
NUST-CAE
_c
M
_c
816
999
_c
248809
_d
248809